<?xml version="1.0" encoding="UTF-8"?>
<collection xmlns="http://www.loc.gov/MARC21/slim">
 <record>
  <leader>01571nam a22002777a 4500</leader>
  <controlfield tag="001">30532</controlfield>
  <controlfield tag="003">BD-DhAAL</controlfield>
  <controlfield tag="005">20250625161329.0</controlfield>
  <controlfield tag="008">150906s2010    bg a|||| |||| 00| 0 eng d</controlfield>
  <datafield tag="040" ind1=" " ind2=" ">
   <subfield code="a">BD-DhAAL</subfield>
   <subfield code="c">BD-DhAAL</subfield>
  </datafield>
  <datafield tag="082" ind1=" " ind2=" ">
   <subfield code="a">307.1412095492</subfield>
   <subfield code="2">22</subfield>
  </datafield>
  <datafield tag="245" ind1=" " ind2=" ">
   <subfield code="a">BRAC Liberia :</subfield>
   <subfield code="k">annual report,</subfield>
   <subfield code="f">2009.</subfield>
   <subfield code="b">realising potential /</subfield>
  </datafield>
  <datafield tag="264" ind1=" " ind2=" ">
   <subfield code="a">Dhaka :</subfield>
   <subfield code="b">BRAC,</subfield>
   <subfield code="c">2010.</subfield>
  </datafield>
  <datafield tag="300" ind1=" " ind2=" ">
   <subfield code="a">59 pages :</subfield>
   <subfield code="b">color illustrations, maps ;</subfield>
   <subfield code="c">28 cm.</subfield>
  </datafield>
  <datafield tag="526" ind1=" " ind2=" ">
   <subfield code="a">BRAC</subfield>
  </datafield>
  <datafield tag="541" ind1=" " ind2=" ">
   <subfield code="a">RED,BRAC</subfield>
   <subfield code="e">30532, 30681, 32794.</subfield>
  </datafield>
  <datafield tag="610" ind1=" " ind2=" ">
   <subfield code="a">BRAC</subfield>
   <subfield code="9">14405</subfield>
  </datafield>
  <datafield tag="650" ind1=" " ind2=" ">
   <subfield code="a">Rural development</subfield>
   <subfield code="z">Bangladesh.</subfield>
   <subfield code="9">14406</subfield>
  </datafield>
  <datafield tag="710" ind1=" " ind2=" ">
   <subfield code="a">BRAC</subfield>
   <subfield code="9">14405</subfield>
  </datafield>
  <datafield tag="852" ind1=" " ind2=" ">
   <subfield code="a">Ayesha Abed Library</subfield>
   <subfield code="c">BRAC Resource Section</subfield>
  </datafield>
  <datafield tag="942" ind1=" " ind2=" ">
   <subfield code="2">ddc</subfield>
   <subfield code="c">BK</subfield>
  </datafield>
  <datafield tag="999" ind1=" " ind2=" ">
   <subfield code="c">36233</subfield>
   <subfield code="d">36233</subfield>
  </datafield>
  <datafield tag="952" ind1=" " ind2=" ">
   <subfield code="0">0</subfield>
   <subfield code="1">0</subfield>
   <subfield code="2">ddc</subfield>
   <subfield code="4">0</subfield>
   <subfield code="6">307_141209549200000_BRA</subfield>
   <subfield code="7">1</subfield>
   <subfield code="8">RPT</subfield>
   <subfield code="9">56974</subfield>
   <subfield code="a">BRACUL</subfield>
   <subfield code="b">BRACUL</subfield>
   <subfield code="c">BRS</subfield>
   <subfield code="d">2015-11-19</subfield>
   <subfield code="e">RED, BRAC</subfield>
   <subfield code="l">0</subfield>
   <subfield code="o">307.1412095492 BRA</subfield>
   <subfield code="p">3010030532</subfield>
   <subfield code="r">2015-11-19</subfield>
   <subfield code="t">1</subfield>
   <subfield code="w">2015-11-19</subfield>
   <subfield code="y">BK</subfield>
   <subfield code="x">RED, BRAC; Price not available in register.</subfield>
  </datafield>
  <datafield tag="952" ind1=" " ind2=" ">
   <subfield code="0">0</subfield>
   <subfield code="1">0</subfield>
   <subfield code="2">ddc</subfield>
   <subfield code="4">0</subfield>
   <subfield code="6">307_141209549200000_BRA</subfield>
   <subfield code="7">1</subfield>
   <subfield code="8">RPT</subfield>
   <subfield code="9">57110</subfield>
   <subfield code="a">BRACUL</subfield>
   <subfield code="b">BRACUL</subfield>
   <subfield code="c">BRS</subfield>
   <subfield code="d">2015-12-01</subfield>
   <subfield code="e">RED, BRAC</subfield>
   <subfield code="l">0</subfield>
   <subfield code="o">307.1412095492 BRA</subfield>
   <subfield code="p">3010030681</subfield>
   <subfield code="r">2015-12-01</subfield>
   <subfield code="t">3</subfield>
   <subfield code="w">2015-12-01</subfield>
   <subfield code="y">BK</subfield>
   <subfield code="x">RED, BRAC; Price not available in register.</subfield>
  </datafield>
  <datafield tag="952" ind1=" " ind2=" ">
   <subfield code="0">0</subfield>
   <subfield code="1">0</subfield>
   <subfield code="2">ddc</subfield>
   <subfield code="4">0</subfield>
   <subfield code="6">307_141209549200000_BRA</subfield>
   <subfield code="7">1</subfield>
   <subfield code="8">RPT</subfield>
   <subfield code="9">57375</subfield>
   <subfield code="a">BRACUL</subfield>
   <subfield code="b">BRACUL</subfield>
   <subfield code="c">BRS</subfield>
   <subfield code="d">2015-12-27</subfield>
   <subfield code="e">RED, BRAC</subfield>
   <subfield code="l">0</subfield>
   <subfield code="o">307.1412095492 BRA</subfield>
   <subfield code="p">3010030680</subfield>
   <subfield code="r">2015-12-27</subfield>
   <subfield code="t">2</subfield>
   <subfield code="w">2015-12-27</subfield>
   <subfield code="y">BK</subfield>
   <subfield code="x">RED, BRAC; price not available in register</subfield>
  </datafield>
  <datafield tag="952" ind1=" " ind2=" ">
   <subfield code="0">0</subfield>
   <subfield code="1">0</subfield>
   <subfield code="2">ddc</subfield>
   <subfield code="4">0</subfield>
   <subfield code="6">307_141209549200000_BRA</subfield>
   <subfield code="7">1</subfield>
   <subfield code="8">RPT</subfield>
   <subfield code="9">63351</subfield>
   <subfield code="a">BRACUL</subfield>
   <subfield code="b">BRACUL</subfield>
   <subfield code="c">BRS</subfield>
   <subfield code="d">2015-12-01</subfield>
   <subfield code="e">BRAC</subfield>
   <subfield code="l">0</subfield>
   <subfield code="o">307.1412095492 BRA</subfield>
   <subfield code="p">3010032794</subfield>
   <subfield code="r">2018-05-21</subfield>
   <subfield code="t">4</subfield>
   <subfield code="w">2015-12-01</subfield>
   <subfield code="y">BK</subfield>
   <subfield code="x">BRAC ; price not available in register</subfield>
  </datafield>
 </record>
</collection>
